000 00302nam a22001337a 4500
008 170424b xxu||||| |||| 00| 0 eng d
020 _a9780716743392
041 _aeng
080 _24TH
_a577
100 _a12
101 _aSHM
245 _aPRINCIPLES OF BIOCHEMISTRY
_cNELSON, D.L
942 _2udc
_cBK
999 _c11675
_d11675